<?xml version="1.0" encoding="UTF-8"?>
<record
    xmlns:xsi="http://www.w3.org/2001/XMLSchema-instance"
    xsi:schemaLocation="http://www.loc.gov/MARC21/slim http://www.loc.gov/standards/marcxml/schema/MARC21slim.xsd"
    xmlns="http://www.loc.gov/MARC21/slim">

  <leader>01582nmm a22002537a 4500</leader>
  <controlfield tag="006">g           q   ||</controlfield>
  <datafield tag="999" ind1=" " ind2=" ">
    <subfield code="c">93804</subfield>
    <subfield code="d">93804</subfield>
  </datafield>
  <controlfield tag="003">NALT</controlfield>
  <controlfield tag="005">20230928103257.0</controlfield>
  <controlfield tag="007">co cg aaaaa</controlfield>
  <controlfield tag="008">170920b        th |||||q|||| 00| 0 tha d</controlfield>
  <datafield tag="040" ind1=" " ind2=" ">
    <subfield code="a">NALT</subfield>
  </datafield>
  <datafield tag="090" ind1=" " ind2=" ">
    <subfield code="a">CD 2703</subfield>
  </datafield>
  <datafield tag="110" ind1="2" ind2=" ">
    <subfield code="a">&#xE2A;&#xE33;&#xE19;&#xE31;&#xE01;&#xE07;&#xE32;&#xE19;&#xE28;&#xE32;&#xE25;&#xE23;&#xE31;&#xE10;&#xE18;&#xE23;&#xE23;&#xE21;&#xE19;&#xE39;&#xE0D;.</subfield>
    <subfield code="b">&#xE2A;&#xE16;&#xE32;&#xE1A;&#xE31;&#xE19;&#xE23;&#xE31;&#xE10;&#xE18;&#xE23;&#xE23;&#xE21;&#xE19;&#xE39;&#xE0D;&#xE28;&#xE36;&#xE01;&#xE29;&#xE32;. </subfield>
    <subfield code="b">&#xE01;&#xE25;&#xE38;&#xE48;&#xE21;&#xE07;&#xE32;&#xE19;&#xE27;&#xE34;&#xE08;&#xE31;&#xE22;&#xE41;&#xE25;&#xE30;&#xE1E;&#xE31;&#xE12;&#xE19;&#xE32;&#xE01;&#xE0E;&#xE2B;&#xE21;&#xE32;&#xE22;&#xE23;&#xE31;&#xE10;&#xE18;&#xE23;&#xE23;&#xE21;&#xE19;&#xE39;&#xE0D;</subfield>
    <subfield code="9">2382</subfield>
  </datafield>
  <datafield tag="245" ind1="1" ind2="0">
    <subfield code="a">&#xE27;&#xE32;&#xE23;&#xE2A;&#xE32;&#xE23;&#xE28;&#xE32;&#xE25;&#xE23;&#xE31;&#xE10;&#xE18;&#xE23;&#xE23;&#xE21;&#xE19;&#xE39;&#xE0D; &#xE1B;&#xE35;&#xE17;&#xE35;&#xE48; 18 &#xE40;&#xE25;&#xE48;&#xE21;&#xE17;&#xE35;&#xE48; 52 &#xE40;&#xE14;&#xE37;&#xE2D;&#xE19;&#xE21;&#xE01;&#xE23;&#xE32;&#xE04;&#xE21;-&#xE40;&#xE21;&#xE29;&#xE32;&#xE22;&#xE19; &#xE1E;.&#xE28;. 2559 [electronic resource] /</subfield>
    <subfield code="c">&#xE2A;&#xE16;&#xE32;&#xE1A;&#xE31;&#xE19;&#xE23;&#xE31;&#xE10;&#xE18;&#xE23;&#xE23;&#xE21;&#xE19;&#xE39;&#xE0D;&#xE28;&#xE36;&#xE01;&#xE29;&#xE32;.</subfield>
  </datafield>
  <datafield tag="260" ind1=" " ind2=" ">
    <subfield code="a">&#xE01;&#xE23;&#xE38;&#xE07;&#xE40;&#xE17;&#xE1E;&#xE2F; :</subfield>
    <subfield code="b">&#xE2A;&#xE33;&#xE19;&#xE31;&#xE01;&#xE07;&#xE32;&#xE19;&#xE28;&#xE32;&#xE25;&#xE23;&#xE31;&#xE10;&#xE18;&#xE23;&#xE23;&#xE21;&#xE19;&#xE39;&#xE0D;,</subfield>
    <subfield code="c">2559.</subfield>
  </datafield>
  <datafield tag="300" ind1=" " ind2=" ">
    <subfield code="a">1 &#xE0B;&#xE35;&#xE14;&#xE35;-&#xE23;&#xE2D;&#xE21; :</subfield>
    <subfield code="b">&#xE2A;&#xE35; ;.</subfield>
    <subfield code="c">4 3/4 &#xE19;&#xE34;&#xE49;&#xE27;.</subfield>
  </datafield>
  <datafield tag="610" ind1="2" ind2="0">
    <subfield code="a">&#xE2A;&#xE33;&#xE19;&#xE31;&#xE01;&#xE07;&#xE32;&#xE19;&#xE28;&#xE32;&#xE25;&#xE23;&#xE31;&#xE10;&#xE18;&#xE23;&#xE23;&#xE21;&#xE19;&#xE39;&#xE0D;.</subfield>
    <subfield code="b">&#xE2A;&#xE16;&#xE32;&#xE1A;&#xE31;&#xE19;&#xE23;&#xE31;&#xE10;&#xE18;&#xE23;&#xE23;&#xE21;&#xE19;&#xE39;&#xE0D;&#xE28;&#xE36;&#xE01;&#xE29;&#xE32;. </subfield>
    <subfield code="b">&#xE01;&#xE25;&#xE38;&#xE48;&#xE21;&#xE07;&#xE32;&#xE19;&#xE27;&#xE34;&#xE08;&#xE31;&#xE22;&#xE41;&#xE25;&#xE30;&#xE1E;&#xE31;&#xE12;&#xE19;&#xE32;&#xE01;&#xE0E;&#xE2B;&#xE21;&#xE32;&#xE22;&#xE23;&#xE31;&#xE10;&#xE18;&#xE23;&#xE23;&#xE21;&#xE19;&#xE39;&#xE0D;</subfield>
    <subfield code="x">&#xE27;&#xE32;&#xE23;&#xE2A;&#xE32;&#xE23;</subfield>
    <subfield code="y">2559</subfield>
    <subfield code="9">2382</subfield>
  </datafield>
  <datafield tag="650" ind1=" " ind2="0">
    <subfield code="a">&#xE2D;&#xE07;&#xE04;&#xE4C;&#xE01;&#xE23;&#xE2D;&#xE34;&#xE2A;&#xE23;&#xE30;</subfield>
    <subfield code="9">7764</subfield>
  </datafield>
  <datafield tag="850" ind1=" " ind2=" ">
    <subfield code="a">NALT</subfield>
  </datafield>
  <datafield tag="942" ind1=" " ind2=" ">
    <subfield code="c">CD</subfield>
    <subfield code="2">local</subfield>
  </datafield>
  <datafield tag="998" ind1=" " ind2=" ">
    <subfield code="a">bijaya</subfield>
    <subfield code="j">180</subfield>
    <subfield code="k"> &#xE0A;&#xE27;&#xE19;&#xE1E;&#xE34;&#xE0A;&#xE0D;&#xE4C; &#xE23;&#xE31;&#xE15;&#xE19;&#xE32;&#xE44;&#xE1E;&#xE1A;&#xE39;&#xE25;&#xE22;&#xE4C;</subfield>
  </datafield>
  <datafield tag="998" ind1=" " ind2=" ">
    <subfield code="a">M</subfield>
  </datafield>
  <datafield tag="952" ind1=" " ind2=" ">
    <subfield code="0">0</subfield>
    <subfield code="1">0</subfield>
    <subfield code="2">local</subfield>
    <subfield code="4">0</subfield>
    <subfield code="7">0</subfield>
    <subfield code="8">CAV</subfield>
    <subfield code="a">NALT</subfield>
    <subfield code="b">NALT</subfield>
    <subfield code="d">2017-09-20</subfield>
    <subfield code="l">0</subfield>
    <subfield code="o">CD 2703</subfield>
    <subfield code="p">3961197698</subfield>
    <subfield code="r">2017-10-19 00:00:00</subfield>
    <subfield code="w">2017-09-20</subfield>
    <subfield code="y">CD</subfield>
  </datafield>
</record>
